Statistics for Cities in the Pokémon Alola Region on a Map

Click here to take the quiz!

General Stats

  • This quiz has been taken 347 times
  • The average score is 7 of 11

Answers on the Map

Answers color-coded by a green-red scale on the quiz's map according to % correct below.
 

Answer Stats

Answer% Correct
Aether Paradise
91%
Pokémon League
78%
Hau'oli City
75%
Seafolk Village
70%
Po Town
69%
Iki Town
64%
Malie City
61%
Heahea City
60%
Paniola Town
59%
Tapu Village
59%
Konikoni City
58%

Score Distribution

Percentile by Number Answered

Percent of People with Each Score

Your Score History

You have not taken this quiz